| 000 | 00512nam a2200181 a 4500 | ||
|---|---|---|---|
| 005 | 20140310183153.0 | ||
| 008 | 021014s19uu xx 00 eng d | ||
| 050 |
_aRM 301 _b.B465 1999 |
||
| 100 | _aBhushan, Vikas | ||
| 245 |
_aUnderground clinical vignettes : _bpharmacology / _cVikas Bhushan. |
||
| 260 |
_aU.S.A : _bBlackwell Science, _c1999. |
||
| 300 |
_a100 p. : _c26 cm. |
||
| 440 | _aUSMLE step 1 | ||
| 521 | _aNUR | ||
| 650 |
_aPharmacology _xcase studies |
||
| 942 |
_cBK _2lcc _kFOR |
||
| 999 |
_c19700 _d19700 |
||